000 00731nam a22002297a 4500
005 2010060304194.0
008 100603t xxu||||| |||| 00| 0 eng d
010 _aENG-96276
020 _a9780070700413
_c495.00
020 _a0070700419
_c495.00
035 _aEN-79809
037 _bDBAD/PUB
040 _aDPL
_bEng
100 _aHallberg, Bruce
245 _aNetworking :
_ba beginner's guide /
_cby Bruce Hallberg
250 _a5th ed.
260 _aNew Delhi
_bTata McGraw Hill Education
_c2010
300 _axviii, 430p. :
_bill.
_c24 cm. (Pbk)
500 _aincludes index
942 _2ddc
_cEN
_mHAL
999 _c36508
_d36508